00328nam a2200133Ia 4500008004100000020001200041041001200053082001600065100001700081245004000098260003200138300000800170650001600178221030s9999 xx 000 0 und d a8187522 aEnglish a105.23bBaj aG. S. Baluja 0aC++ Program Designcby G. S. Baluja bKhanna PubaNew Delhic2000 a690 aBE Computer